Unius poena-metus multorum: abhandlungen zum Romischen strafrecht
Tallennettuna:
| Päätekijä: | |
|---|---|
| Aineistotyyppi: | Kirja |
| Kieli: | saksa |
| Julkaistu: |
Nápoles
Jovene Editore
2008
|
| Painos: | 1a. ed |
| Sarja: | Antiqua, 96
|
| Aiheet: | |
| Tagit: |
Lisää tagi
Ei tageja, Lisää ensimmäinen tagi!
|
MARC
| LEADER | 00000cam a2200000 a 4500 | ||
|---|---|---|---|
| 001 | UCE6164 | ||
| 003 | CL-VaPUC | ||
| 008 | 150326e20080000it |||||||||||||||||ger|d | ||
| 082 | 0 | 4 | |a 340.54 |b WAC |2 21 |
| 100 | 0 | |a Wacke, Andreas |e author |9 493584 | |
| 245 | 1 | 0 | |a Unius poena-metus multorum: abhandlungen zum Romischen strafrecht |
| 250 | |a 1a. ed | ||
| 300 | |a 279 p | ||
| 942 | |c BK | ||
| 945 | |d 20150326 13:02:00 |a dcastane | ||
| 260 | |a Nápoles |b Jovene Editore |c 2008 | ||
| 650 | 0 | |a Derecho romano |9 255930 | |
| 650 | 0 | |a Historia del derecho |9 255109 | |
| 650 | 0 | |a Teoría del derecho |9 255982 | |
| 583 | |a last modification |c 20150326 13:02:00 |k Rodrigo Vera | ||
| 490 | 0 | |a Antiqua, 96 | |
| 999 | |c 358572 |d 358570 | ||
| 952 | |0 0 |1 0 |3 erb |4 0 |6 340_540000000000000_WAC_2008 |7 0 |8 DER_ROM |9 467381 |a BIBDER |b BIBDER |i 5143039 |o 340.54 WAC 2008 |p 5143039 |r 2023-01-25 |w 2019-11-23 |x Ubicación 4to piso |y BK |z Este recurso debe solicitarse con anticipación |k DER | ||